000 00861nam a2200241 i 4500
001 17627
003 ES-MaACL
005 20251003063035.0
007 t|
008 010410s2001 sp ||||1| spa d
020 _a84-930430-6-0
080 _a75 Vicente, Esteban (064.3)
100 0 _aVicente, Esteban,
_d1903-2001
_9114332
245 1 3 _aEl color es la luz
_b: Esteban Vicente 1999-2000 : Segovia, del 9 de febrero al 15 de abril de 2001.
260 _aSegovia :
_bMuseo de Arte Contemporáneo Esteban Vicente,
_c2001.
300 _a183 p. :
_bil. ;
_c23 cm.
600 0 4 _aVicente, Esteban,
_d1903-2001-
_vExposiciones
_9114333
655 7 _2tgfbne
_9193628
_aCatálogos de exposiciones
710 2 _aMuseo de Arte Contemporáneo Esteban Vicente.
_95837
852 _aES-MaACL
_jL-24517
_bR.129827
942 _2udc
999 _c17627
_d17627